Создание технологии безлюдной выемки угля с применением средств роботизации производственных процессов: доклады на Всесоюзной конференции молодых ученых и специалистов, Донецк, 18-19 ноября 1986 г.

Bibliografiske detaljer
Corporate Authors: Академия наук СССР (АН СССР) Институт горного дела им. А. А. Скочинского (ИГД), Создание технологии безлюдной выемки угля с применением средств роботизации производственных процессов конференция
Sprog:russisk
Udgivet: Москва, ЦНИЭИуголь, 1987
Fag:
Format: MixedMaterials Bog
KOHA link:https://koha.lib.tpu.ru/cgi-bin/koha/opac-detail.pl?biblionumber=263895

MARC

LEADER 00000nam0a2200000 4500
001 263895
005 20231101233800.0
020 |a RU  |b 86-79028 
035 |a (RuTPU)RU\TPU\book\286886 
090 |a 263895 
100 |a 20140614d1987 k y0rusy5003 ca 
101 0 |a rus 
102 |a RU 
105 |a a z 101zy 
200 1 |a Создание технологии безлюдной выемки угля с применением средств роботизации производственных процессов  |e доклады на Всесоюзной конференции молодых ученых и специалистов, Донецк, 18-19 ноября 1986 г.  |f Академия наук СССР (АН СССР), Институт горного дела им. А. А. Скочинского (ИГД) 
210 |a Москва  |c ЦНИЭИуголь  |d 1987 
215 |a 107 с.  |d 20 см  |c ил. 
320 |a Библиография в конце статей 
606 1 |a Робототехника шахтная  |2 stltpush  |3 (RuTPU)RU\TPU\subj\25264  |9 49466 
610 1 |a угледобыча 
610 1 |a безлюдная выемка 
610 1 |a автоматизация 
610 1 |a уголь 
610 1 |a конференции 
675 |a 622.333.012.2:658.27(063)  |z rus  |v 3 
712 0 2 |a Академия наук СССР (АН СССР)  |b Институт горного дела им. А. А. Скочинского (ИГД)  |c (Люберцы)  |2 stltpush  |3 (RuTPU)RU\TPU\col\11351 
712 1 2 |a Создание технологии безлюдной выемки угля с применением средств роботизации производственных процессов  |b конференция  |e Донецк  |f 1986 
801 0 |a RU  |b RuMRKP  |c 19950417  |g psbo 
801 1 |a RU  |b 63413507  |c 20140614 
801 2 |a RU  |b 63413507  |c 20150311  |g RCR 
942 |c BK